საერთაშორისო სავაჭრო-ეკონომიკური ურთიერთობები : (ბიბ.ჩანაწერი № 63509)
[ მარტივი ფორმატი ]
| 000 -ლიდერი | |
|---|---|
| ფიქსირებული სიგრძის საკონტროლო ველი | 01271nam a22002297a 4500 |
| 003 - საკონტროლო ნომრის იდენტიფიკატორი | |
| საკონტროლო ველი | Ge_BSU |
| 005 - ბოლო ოპერაციის თარიღი და დრო | |
| საკონტროლო ველი | 20251021150648.0 |
| 008 - ფიქსირებული სიგრძის მონაცემთა ელემენტები - ზოგადი ინფორმაცია | |
| ფიქსირებული სიგრძის საკონტროლო ველი | 251021s1997 ge ||||| |||| 00| 0 geo d |
| 020 ## - წიგნის საერთაშორისო სტანდარტული ნომერი | |
| International Standard Book Number | 551100751X |
| 041 ## - ენის კოდი | |
| Language code of text/sound track or separate title | geo |
| 080 ## - უნივერსალური ათობითი კლასიფიკაციის ინდექსი | |
| Universal Decimal Classification number | 339.9(075.8) ყ-69 |
| 100 ## - მთავარი ჩანაწერი - პიროვნების სახელი | |
| Personal name | ყორღანაშვილი, ლარისა |
| 9 (RLIN) | 14273 |
| 245 ## - ცნობა სათაურის შესახებ | |
| Title | საერთაშორისო სავაჭრო-ეკონომიკური ურთიერთობები : |
| Remainder of title | [სახელმძღვ. უმაღ. სასწ. სტუდ.] / |
| Statement of responsibility, etc | [რედ.: მამია ღაღანიძე]; თსუ, საერთ. ბიზნესის ფაკ-ტი. |
| 264 ## - წარმოების, გამოცემის, დისტრიბუციის და სხვა ცნობები | |
| გამოცემის, წარმოების, დისტრიბუციის... ადგილი | თბ. : |
| გამოცემის, წარმოების, დისტრიბუციის... სახელწოდება | თბილ. უნ-ტის გამ-ბა, |
| გამოცემის, წარმოების, დისტრიბუციის... თარიღი | 1997. |
| 300 ## - ფიზიკური აღწერა | |
| Extent | 480 გვ. ; |
| Other physical details | 20 სმ. |
| 504 ## - BIBLIOGRAPHY, ETC. NOTE | |
| Bibliography, etc | ბიბლიოგრ.: გვ. 475. |
| 520 ## - SUMMARY, ETC. | |
| Summary, etc | რეზ.: გვ. 302. |
| 653 ## - INDEX TERM--UNCONTROLLED | |
| Uncontrolled term | საერთაშორისო სავაჭრო-ეკონომიკური ურთიერთობები |
| 700 ## - ADDED ENTRY--PERSONAL NAME | |
| Personal name | ღაღანიძე, მამია |
| Relator term | რედაქტორი |
| 9 (RLIN) | 26088 |
| 710 ## - ADDED ENTRY--CORPORATE NAME | |
| Corporate name or jurisdiction name as entry element | თსუ-ს საერთ. ბიზნესის ფაკ-ტი |
| 9 (RLIN) | 26089 |
| 942 ## - ADDED ENTRY ELEMENTS (KOHA) | |
| Source of classification or shelving scheme | |
| Koha item type | წიგნი |
არაა ხელმისაწვდომი ეგზემპლარები.
